LIBRARY & INFORMATION CENTRE, KCAET, TAVANUR

ONLINE PUBLIC ACCESS CATALOGUE (OPAC)

Objectives and solved problems in farm power and machinery engineering / (Record no. 15463)

MARC details
000 -LEADER
fixed length control field 00382nam a22001337a 4500
020 ## - INTERNATIONAL STANDARD BOOK NUMBER
ISBN 978180142116
082 ## - DEWEY DECIMAL CLASSIFICATION NUMBER
Classification number 631.3
Item number SUR/OB
100 ## - MAIN ENTRY--AUTHOR NAME
Personal name Suresh,R.
245 ## - TITLE STATEMENT
Title Objectives and solved problems in farm power and machinery engineering /
260 ## - PUBLICATION, DISTRIBUTION, ETC. (IMPRINT)
Place of publication New delhi ;
Name of publisher Standard publishers distributors ,
Year of publication 2014.
300 ## - PHYSICAL DESCRIPTION
Number of Pages 254p.
700 ## - ADDED ENTRY--PERSONAL NAME
Personal name Kumar,sanjay
942 ## - ADDED ENTRY ELEMENTS (KOHA)
Koha item type Books
Holdings
Withdrawn status Lost status Damaged status Home library Current library Date acquired Cost, normal purchase price Full call number Accession Number Koha item type
      KAUAET KAUAET 29/06/2018 250.00 631.3 SUR/OB 25598 Books
      KAUAET KAUAET 29/06/2018 250.00 631.3 SUR/OB 25599 Books
      KAUAET KAUAET 29/06/2018 250.00 631.3 SUR/OB 25600 Books
free website counter